| 000 | 00848nam a2200277Ia 4500 | ||
|---|---|---|---|
| 001 | Z_4702 | ||
| 003 | CHAP | ||
| 008 | 220113s2=00 xx 000 0 und d | ||
| 010 | _a163629 | ||
| 040 | _cCHAP | ||
| 090 | _aTesis V 1675 | ||
| 100 |
_aVargas Sánchez, José Manuel _9118101 |
||
| 245 |
_aInseminación artificial en conejos con 2 dilutores diferentes a temperatura de 18-23ºC / _cpor José Manuel Vargas Sánchez |
||
| 260 |
_aChapingo, Méx. : _bEl autor, _c2002 |
||
| 300 | _a51 h. | ||
| 502 | _aTesis (Ing. Agr. Esp. en Zootecnia) -- UACH. Departamento de Zootecnia | ||
| 650 |
_aConejos _xReproducción _926378 |
||
| 650 |
_aInseminación artificial _958964 |
||
| 650 |
_aTemperatura _xEfecto en semen _9112221 |
||
| 901 | _aTESIS V 1675 | ||
| 902 | _aM | ||
| 910 | _a2=00 | ||
| 942 | _c2 | ||
| 942 | _c2 | ||
| 999 |
_c163629 _d163629 |
||